书目信息 |
| 题名: |
养猪业发展与新技术应用
|
|
| 作者: | 云鹏 主编 | |
| 分册: | ||
| 出版信息: | 北京 中国农业科学技术出版社 2017.04 |
|
| 页数: | 294页 | |
| 开本: | 24cm | |
| 丛书名: | ||
| 单 册: | ||
| 中图分类: | S828.4 , S828 | |
| 科图分类: | ||
| 主题词: | 养猪学 | |
| 电子资源: | ||
| ISBN: | 978-7-5116-2998-2 | |
| 000 | 00891nam0 2200241 450 | |
| 001 | 4582 | |
| 005 | 20181012133639.44 | |
| 010 | @a978-7-5116-2998-2@dCNY36.00 | |
| 100 | @a20170802d2017 em y0chiy50 ea | |
| 101 | 0 | @achi |
| 102 | @aCN@b110000 | |
| 105 | @aa z 000yy | |
| 200 | 1 | @a养猪业发展与新技术应用@9yang zhu ye fa zhan yu xin ji shu ying yong@f云鹏主编 |
| 210 | @a北京@c中国农业科学技术出版社@d2017.04 | |
| 215 | @a294页@c图@d24cm | |
| 314 | @a云鹏,男,推广研究员,北京市生猪产业技术体系创新团队首席专家。 | |
| 330 | @a本书紧扣生产实际,关注养猪业发展动向,从养猪基本知识、猪场生产经营管理等方面阐述了猪的杂种优势及利用、饲料配制技术、猪的繁殖技术和饲养管理技术、猪病防治的基本知识、诊疗技术、常用药物等。 | |
| 606 | 0 | @a养猪学 |
| 690 | @aS828.4@v5 | |
| 690 | @aS828@v4 | |
| 701 | 0 | @a云鹏@9yun peng@4主编 |
| 801 | 0 | @aCN@b91MARC@c20170802 |
| 905 | @aMuseLib@dS828@e167 | |
| 养猪业发展与新技术应用/云鹏主编.-北京:中国农业科学技术出版社,2017.04 |
| 294页:图;24cm |
| ISBN 978-7-5116-2998-2:CNY36.00 |
| 本书紧扣生产实际,关注养猪业发展动向,从养猪基本知识、猪场生产经营管理等方面阐述了猪的杂种优势及利用、饲料配制技术、猪的繁殖技术和饲养管理技术、猪病防治的基本知识、诊疗技术、常用药物等。 |
| ● |
| 相关链接 |
|
|
|
|
正题名:养猪业发展与新技术应用
索取号:S828/167
 
预约/预借
| 序号 | 登录号 | 条形码 | 馆藏地/架位号 | 状态 | 备注 |
| 1 | 1125821 | 211258217 | 第二样本阅览室/ [索取号:S828/167] | 在馆 | |
| 2 | 1125822 | 211258226 | 第三借阅区/ [索取号:S828/167] | 在馆 | |
| 3 | 1125823 | 211258235 | 第三借阅区/ [索取号:S828/167] | 在馆 | |
| 4 | 1125824 | 211258244 | 第三借阅区/ [索取号:S828/167] | 在馆 | |
| 5 | 1125825 | 211258253 | 密集书库-生命科学系/ [索取号:S828/167] | 在馆 |